Auction almanac (Record no. 76143)

MARC details
000 -LEADER
fixed length control field 00870cab a2200181 4500
001 - CONTROL NUMBER
control field ##L131532
008 - FIXED-LENGTH DATA ELEMENTS--GENERAL INFORMATION
fixed length control field 051114n2005 000 0 eng u
035 ## - SYSTEM CONTROL NUMBER
System control number (Sirsi) u131532
041 0# - LANGUAGE CODE
Language code of text/sound track or separate title eng
100 1# - MAIN ENTRY--PERSONAL NAME
Personal name Redman
Numeration Nicholas
245 00 - TITLE STATEMENT
Title Auction almanac
260 3# - PUBLICATION, DISTRIBUTION, ETC.
Date of publication, distribution, etc. 2005
490 #0 - SERIES STATEMENT
Series statement Estates Gazette
Volume/sequential designation (0544) 5 November 2005, 126-127(2)
520 ## - SUMMARY, ETC.
Summary, etc. Introduces the recently published revised edition of the RICS "Common auction conditions : for auctions of real estate in England and Wales" (L130536) which has gained the status of an industry standard. Explains what is covered by the conditions, the role of the RICS working party in developing the conditions and the original reasons for producing the conditions.
650 24 - SUBJECT ADDED ENTRY--TOPICAL TERM
Topical term or geographic name entry element RICS COMMON AUCTION CONDITIONS FOR AUCTIONS OF REAL ESTATE IN ENGLAND AND WALES
690 ## - LOCAL SUBJECT ADDED ENTRY--TOPICAL TERM (OCLC, RLIN)
Topical term or geographic name as entry element Auctioneering
9 (RLIN) 6218
942 ## - ADDED ENTRY ELEMENTS (KOHA)
Suppress in OPAC 0
Holdings
Withdrawn status Lost status Source of classification or shelving scheme Damaged status Not for loan Home library Current library Shelving location Date acquired Total Checkouts Full call number Barcode Date last seen Copy number Price effective from Koha item type
    Dewey Decimal Classification     London London Journal article 14/11/2005   L131532 131532-1001 06/08/2019 1 06/08/2019 Journal article